00445nam a22001697a 450000500170000001000150001702000260003203500140005803700090007208200090008110000160009024500390010625000060014526000340015127000700018530000200025520260602101304.0 aENG-148693 a9789349042216c350.00 aEN-132225 bDBAD aS21 aSaxena, Ira aInside Fuming Forests/cIra Saxena a1 aChandigarhbThe Browserc2026 bChandigarhaSCO 14-15, Sector 8-Ce160009mservice@thebrowser.org a198p.c21cm(pb)